000 004690000a22001690004500
003 MACL
005 20160313131533.0
008 160313b xxu||||| |||| 00| 0 eng d
040 _aMACL
_cMACL
041 _aHindi
082 _a920
245 _aपं भगवतीप्रसाद वाजपेयी
260 _bसरस्‍वती सेवा सदन
_aकानपुर
350 _a6
650 _aBiography
_945783
942 _cHIN
_k920
_2ddc
999 _c24476
_d24476